Top 10 best-selling Xbox One games of all time - Statistics

General Stats
  • This quiz has been taken 81 times
  • The average score is 3 of 10
Answer Stats
Rank Answer Game Type Copies Sold % Correct
6 Minecraft: Xbox One Edition Sandbox, survival 5,540,000
90%
2 PlayerUnknown’s Battlegrounds Battle royale 8,000,000
50%
3 Call Of Duty: Black Ops 3 First-person shooter 7,370,000
48%
1 Grand Theft Auto V Action-adventure 8,720,000
47%
10 Halo 5: Guardians First-person shooter 5,000,000
27%
5 Red Dead Redemption 2 Action-adventure 5,770,000
25%
7 Call Of Duty: Advanced Warfare First-person shooter 5,220,000
17%
8 Battlefield 1 First-person shooter 5,130,000
13%
4 Call of Duty: WWII First-person shooter 6,230,000
13%
9 Fallout 4 Action role-playing 5,030,000
7%
No matching quizzes found
Score Distribution
Percent of People with Each Score
Percentile by Number Answered
Your Score History
You have not taken this quiz